Cuadernos del sur 2. suplemento 2. actualidad de los clásicos /

Guardado en:
Formato: Libro
Publicado: Bah¡a Blanca : Instituto de Humanidades, 1958
Series:Cuadernos del sur, 2. Supl. 2
Materias:
Etiquetas: Agregar Etiqueta
Sin Etiquetas, Sea el primero en etiquetar este registro!
LEADER 00534nam a22001695a 4500
001 CEM.cems006966
005 20060214000000.0
008 130507s1958##################000#0#####d
003 CEMS
082 0 4 |a 001.3 
245 0 0 |a Cuadernos del sur 2. suplemento 2. actualidad de los clásicos / 
260 |a Bah¡a Blanca :  |b Instituto de Humanidades,  |c 1958 
300 |a 126 p. 
490 0 |a Cuadernos del sur, 2. Supl. 2 
653 |a Filosofia 
653 |a Literatura clasica 
859 |a CEMS  |b BIB. CEMS - 11 de abril  |h 001.3  |i C891-2/Supl.2  |p 11401.82  |t Ej.1